00976cam a2200313 i 450000100090000000300040000900500170001300800410003001000170007102000180008802000260010602000240013204000230015604200080017905000200018708200180020710000190022524000380024424500680028225000170035026400330036730000470040033600260044733700280047333800270050150400510052863000220057965000610060117389146OSt20221026105937.0120717s2013 caua b 001 0 eng  a 2012944559 a9789351500827 a9781446249178 (Cloth) a9781446249185 (pbk) aDLCbengerdacDLC apcc00aHA32b.F54 2013 a300.72bFIE/D1 aField, Andy P.10aDiscovering statistics using SPSS10aDiscovering statistics using IBM SPSS statistics /cAndy Field. a4th edition. 1aLos Angeles :bSage,c[2013] axxxvi, 915 pages :billustrations ;c28 cm atextbtxt2rdacontent aunmediatedbn2rdamedia avolumebnc2rdacarrier aIncludes bibliographical references and index.00aSPSS for Windows. 0aSocial sciencesxStatistical methodsxComputer programs.